<?xml version="1.0" encoding="UTF-8"?>
<collection xmlns="http://www.loc.gov/MARC21/slim">
 <record>
  <leader>01615nam a2200289 a 4500</leader>
  <controlfield tag="001">193585</controlfield>
  <controlfield tag="008">090917s1998    bg a     b    001 0 eng d</controlfield>
  <datafield tag="010" ind1=" " ind2=" ">
   <subfield code="a">\\\98905761 </subfield>
  </datafield>
  <datafield tag="020" ind1=" " ind2=" ">
   <subfield code="a">9840514172</subfield>
  </datafield>
  <datafield tag="040" ind1=" " ind2=" ">
   <subfield code="a">DLC</subfield>
   <subfield code="c">DLC</subfield>
  </datafield>
  <datafield tag="082" ind1="0" ind2="0">
   <subfield code="a">338.91/095492</subfield>
   <subfield code="2">21</subfield>
  </datafield>
  <datafield tag="100" ind1="1" ind2=" ">
   <subfield code="a">Holloway, Richard.</subfield>
  </datafield>
  <datafield tag="245" ind1="1" ind2="0">
   <subfield code="a">Supporting citizen's initiatives :</subfield>
   <subfield code="b">Bangladesh's NGOs and society /</subfield>
   <subfield code="c">by Richard Holloway.</subfield>
  </datafield>
  <datafield tag="260" ind1=" " ind2=" ">
   <subfield code="a">Dhaka :</subfield>
   <subfield code="b">University Press,</subfield>
   <subfield code="c">1998.</subfield>
  </datafield>
  <datafield tag="300" ind1=" " ind2=" ">
   <subfield code="a">238 p. :</subfield>
   <subfield code="b">ill. ;</subfield>
   <subfield code="c">22 cm.</subfield>
  </datafield>
  <datafield tag="504" ind1=" " ind2=" ">
   <subfield code="a">Includes bibliographical references and index.</subfield>
  </datafield>
  <datafield tag="541" ind1="1" ind2=" ">
   <subfield code="e">00006295</subfield>
  </datafield>
  <datafield tag="610" ind1="2" ind2="0">
   <subfield code="a">Non-governmental organizations</subfield>
   <subfield code="z">Bangladesh.</subfield>
  </datafield>
  <datafield tag="650" ind1=" " ind2="0">
   <subfield code="a">Charities</subfield>
   <subfield code="z">Bangladesh.</subfield>
  </datafield>
  <datafield tag="651" ind1=" " ind2="0">
   <subfield code="a">Bangladesh</subfield>
   <subfield code="x">Politics and government</subfield>
   <subfield code="y">1971-</subfield>
  </datafield>
  <datafield tag="852" ind1="4" ind2=" ">
   <subfield code="a">Ayesha Abed Library</subfield>
   <subfield code="j">General shelf</subfield>
  </datafield>
  <datafield tag="999" ind1=" " ind2=" ">
   <subfield code="c">4095</subfield>
   <subfield code="d">4095</subfield>
  </datafield>
  <datafield tag="952" ind1=" " ind2=" ">
   <subfield code="0">0</subfield>
   <subfield code="1">0</subfield>
   <subfield code="2">ddc</subfield>
   <subfield code="4">0</subfield>
   <subfield code="6">338_910954920000000_HOL_1998</subfield>
   <subfield code="7">0</subfield>
   <subfield code="9">3769</subfield>
   <subfield code="a">BRACUL</subfield>
   <subfield code="b">BRACUL</subfield>
   <subfield code="c">GEN</subfield>
   <subfield code="d">2009-10-03</subfield>
   <subfield code="g">360.00</subfield>
   <subfield code="l">0</subfield>
   <subfield code="o">338.91095492 HOL</subfield>
   <subfield code="p">3010006295</subfield>
   <subfield code="r">2009-10-03</subfield>
   <subfield code="t">1</subfield>
   <subfield code="v">720.00</subfield>
   <subfield code="w">2009-10-03</subfield>
   <subfield code="y">BK</subfield>
  </datafield>
  <datafield tag="952" ind1=" " ind2=" ">
   <subfield code="0">0</subfield>
   <subfield code="1">0</subfield>
   <subfield code="2">ddc</subfield>
   <subfield code="4">0</subfield>
   <subfield code="6">338_910000000000000_095492_HOL</subfield>
   <subfield code="7">0</subfield>
   <subfield code="9">24119</subfield>
   <subfield code="a">SCL</subfield>
   <subfield code="b">SCL</subfield>
   <subfield code="c">GEN</subfield>
   <subfield code="d">1998-11-23</subfield>
   <subfield code="g">360.00</subfield>
   <subfield code="l">0</subfield>
   <subfield code="o">338.91095492 HOL</subfield>
   <subfield code="p">3020000988</subfield>
   <subfield code="r">2014-04-08</subfield>
   <subfield code="t">2</subfield>
   <subfield code="w">2014-04-08</subfield>
   <subfield code="y">BK</subfield>
  </datafield>
  <datafield tag="952" ind1=" " ind2=" ">
   <subfield code="0">0</subfield>
   <subfield code="1">0</subfield>
   <subfield code="2">ddc</subfield>
   <subfield code="4">0</subfield>
   <subfield code="6">338_910000000000000_095492_HOL</subfield>
   <subfield code="7">0</subfield>
   <subfield code="9">24157</subfield>
   <subfield code="a">SCL</subfield>
   <subfield code="b">SCL</subfield>
   <subfield code="c">GEN</subfield>
   <subfield code="d">1999-01-05</subfield>
   <subfield code="g">360.00</subfield>
   <subfield code="l">0</subfield>
   <subfield code="o">338.91095492 HOL</subfield>
   <subfield code="p">3020001248</subfield>
   <subfield code="r">2014-04-21</subfield>
   <subfield code="t">3</subfield>
   <subfield code="w">2014-04-21</subfield>
   <subfield code="y">BK</subfield>
  </datafield>
  <datafield tag="952" ind1=" " ind2=" ">
   <subfield code="0">0</subfield>
   <subfield code="1">0</subfield>
   <subfield code="2">ddc</subfield>
   <subfield code="4">0</subfield>
   <subfield code="6">338_910000000000000_095492_HOL</subfield>
   <subfield code="7">0</subfield>
   <subfield code="9">43121</subfield>
   <subfield code="a">SCL</subfield>
   <subfield code="b">SCL</subfield>
   <subfield code="c">GEN</subfield>
   <subfield code="d">1998-11-12</subfield>
   <subfield code="g">360.00</subfield>
   <subfield code="l">0</subfield>
   <subfield code="o">338.91095492 HOL</subfield>
   <subfield code="p">3020000547</subfield>
   <subfield code="r">2014-07-14</subfield>
   <subfield code="t">4</subfield>
   <subfield code="w">2014-07-14</subfield>
   <subfield code="y">BK</subfield>
  </datafield>
  <datafield tag="952" ind1=" " ind2=" ">
   <subfield code="0">0</subfield>
   <subfield code="1">0</subfield>
   <subfield code="2">ddc</subfield>
   <subfield code="4">0</subfield>
   <subfield code="6">338_910954920000000_HOL</subfield>
   <subfield code="7">0</subfield>
   <subfield code="9">54117</subfield>
   <subfield code="a">SCL</subfield>
   <subfield code="b">SCL</subfield>
   <subfield code="c">GEN</subfield>
   <subfield code="d">2015-06-08</subfield>
   <subfield code="l">0</subfield>
   <subfield code="o">338.91095492 HOL</subfield>
   <subfield code="p">3020000764</subfield>
   <subfield code="r">2015-06-08</subfield>
   <subfield code="t">5</subfield>
   <subfield code="w">2015-06-08</subfield>
   <subfield code="y">BK</subfield>
  </datafield>
 </record>
</collection>
